Tilastot visalle Ukrainan naapurimaat tyhjällä kartalla

Klikkaa tästä pelataksesi tätä visaa!

Yleistilastot

  • Tätä visaa on pelattu 1 377 kertaa
  • Keskiarvotulos 7 / 7

Vastaukset kartalla

Vastauksille on annettu kartalla punavihreä väri sen mukaan, kuinka moni on saanut sen oikein.
 

Vastaustilastot

Vastaus% Oikein
Venäjä
99%
Valko-Venäjä
97%
Puola
95%
Romania
95%
Unkari
91%
Slovakia
90%
Moldova
89%

Tulosjakauma

Persentiili vastausten määrän mukaan

Jokaisen tuloksen saaneiden osuus

Tuloshistoriasi

Et ole pelannut tätä visaa